Elon musk / (Record no. 388300)
[ view plain ]
| 000 -LEADER | |
|---|---|
| fixed length control field | 01351nam a2200397 i 4500 |
| 001 - CONTROL NUMBER | |
| control field | 3392693 |
| 005 - DATE AND TIME OF LATEST TRANSACTION | |
| control field | 20250328125630.0 |
| 008 - FIXED-LENGTH DATA ELEMENTS--GENERAL INFORMATION | |
| fixed length control field | 230829s2023 nyua b 001 0beng d |
| 020 ## - INTERNATIONAL STANDARD BOOK NUMBER | |
| International Standard Book Number | 9781982181284 : |
| Terms of availability | $35.00 |
| 020 ## - INTERNATIONAL STANDARD BOOK NUMBER | |
| International Standard Book Number | 1982181281 : |
| Terms of availability | $35.00 |
| 020 ## - INTERNATIONAL STANDARD BOOK NUMBER | |
| Cancelled/invalid ISBN | 9781982181307 |
| 035 ## - SYSTEM CONTROL NUMBER | |
| System control number | (OCoLC)1371098002 |
| 035 ## - SYSTEM CONTROL NUMBER | |
| System control number | (OCoLC)on1371098002 |
| 040 ## - CATALOGING SOURCE | |
| Original cataloging agency | PABRO |
| Language of cataloging | eng |
| Description conventions | rda |
| Transcribing agency | PABRO |
| 043 ## - GEOGRAPHIC AREA CODE | |
| Geographic area code | n-us--- |
| 050 #4 - LIBRARY OF CONGRESS CALL NUMBER | |
| Classification number | HC102.5.M88 |
| Item number | I83 2023 |
| 082 04 - DEWEY DECIMAL CLASSIFICATION NUMBER | |
| Classification number | 338.092 |
| -- | B |
| Edition number | 23 |
| 082 04 - DEWEY DECIMAL CLASSIFICATION NUMBER | |
| Classification number | 923/.873 |
| 092 ## - LOCALLY ASSIGNED DEWEY CALL NUMBER (OCLC) | |
| Classification number | general nonfiction |
| Item number | 92 Musk |
| 100 1# - MAIN ENTRY--PERSONAL NAME | |
| Personal name | Isaacson, Walter, |
| Relator term | author. |
| 9 (RLIN) | 18982 |
| 245 10 - TITLE STATEMENT | |
| Title | Elon musk / |
| Statement of responsibility, etc | Walter Isaacson. |
| 264 #1 - Production, Publication, Distribution, Manufacture, and Copyright Notice. | |
| Place of production, publication, distribution, manufacture | New York : |
| Name of producer, publisher, distributor, manufacturer | Simon & Schuster, |
| Date of production, publication, distribution, manufacture, or copyr | [2023] |
| 300 ## - PHYSICAL DESCRIPTION | |
| Extent | xiii, 670 pages : |
| Other physical details | illustrations ; |
| Dimensions | 24 cm |
| 336 ## - Content Type | |
| Content type term | text |
| 337 ## - Media type | |
| Media type term | unmediated |
| 338 ## - Carrier type | |
| Carrier type term | volume |
| 504 ## - BIBLIOGRAPHY, ETC. NOTE | |
| Bibliography, etc | Includes bibliographical references (pages 619-636) and index. |
| 600 10 - SUBJECT ADDED ENTRY--PERSONAL NAME | |
| Personal name | Musk, Elon. |
| 9 (RLIN) | 5928731 |
| 610 20 - SUBJECT ADDED ENTRY--CORPORATE NAME | |
| Corporate name or jurisdiction name as entry element | Tesla Motors. |
| 9 (RLIN) | 6474183 |
| 610 20 - SUBJECT ADDED ENTRY--CORPORATE NAME | |
| Corporate name or jurisdiction name as entry element | SpaceX (Firm) |
| 650 #0 - SUBJECT ADDED ENTRY--TOPICAL TERM | |
| Topical term or geographic name as entry element | Businesspeople |
| Geographic subdivision | United States |
| Form subdivision | Biography. |
| 9 (RLIN) | 5774143 |
| 650 #7 - SUBJECT ADDED ENTRY--TOPICAL TERM | |
| Topical term or geographic name as entry element | BIOGRAPHY & AUTOBIOGRAPHY / Science & Technology. |
| Source of heading or term | bisacsh |
| 9 (RLIN) | 5734990 |
| 650 #7 - SUBJECT ADDED ENTRY--TOPICAL TERM | |
| Topical term or geographic name as entry element | BIOGRAPHY & AUTOBIOGRAPHY / Business. |
| Source of heading or term | bisacsh |
| 9 (RLIN) | 5937924 |
| 650 #7 - SUBJECT ADDED ENTRY--TOPICAL TERM | |
| Topical term or geographic name as entry element | COMPUTERS / History. |
| Source of heading or term | bisacsh |
| 9 (RLIN) | 6474184 |
| 942 ## - ADDED ENTRY ELEMENTS (KOHA) | |
| Source of classification or shelving scheme | Dewey Decimal Classification |
| Koha item type | BOOK |
| Withdrawn status | Lost status | Source of classification or shelving scheme | Damaged status | Not for loan | Collection code | Home library | Current library | Shelving location | Date acquired | Source of acquisition | Total Checkouts | Total Renewals | Full call number | Barcode | Checked out | Date last seen | Date checked out | Cost, replacement price | Price effective from | Koha item type |
|---|---|---|---|---|---|---|---|---|---|---|---|---|---|---|---|---|---|---|---|---|
| Long Overdue (Lost) | Dewey Decimal Classification | General NonFiction | Wasatch County Library | Wasatch County Library | Second Floor | 09/28/2023 | Micromarketing | 8 | 9 | 92 Musk | 34301002051177 | 01/10/2025 | 11/13/2024 | 11/13/2024 | 35.00 | 09/28/2023 | BOOK | |||
| Dewey Decimal Classification | General NonFiction | Wasatch County Library | Wasatch County Library | Second Floor | 03/28/2025 | 2 | 4 | 92 Musk | 34301002112177 | 04/24/2026 | 02/23/2026 | 02/23/2026 | 35.00 | 03/28/2025 | BOOK |
